LEADER 02844oas 2200985 a 450 001 9910145211503321 005 20251105213014.0 011 $a1879-2537 035 $a(DE-599)ZDB2012540-9 035 $a(DE-599)2012540-9 035 $a(OCoLC)39166801 035 $a(CONSER) 2004251114 035 $a(CKB)954925536104 035 $a(EXLCZ)99954925536104 100 $a19980522a19849999 sy a 101 0 $aeng 135 $aurmnu|||||||| 181 $ctxt$2rdacontent 182 $cc$2rdamedia 183 $acr$2rdacarrier 200 10$aRobotics and computer-integrated manufacturing 210 $aOxford ;$aNew York $cPergamon 210 31$a[Amsterdam, The Netherlands] :$cElsevier 300 $aRefereed/Peer-reviewed 311 08$a0736-5845 606 $aRobots, Industrial$vPeriodicals 606 $aComputer integrated manufacturing systems$vPeriodicals 606 $aRobotics$vPeriodicals 606 $aRobots, Industrial$xPeriodicals 606 $aComputer integrated manufacturing systems$vPeriodicals 606 $aRobotics$vPeriodicals 606 $aRobots industriels$xPe?riodiques 606 $aProductique$xPe?riodiques 606 $aRobotique$xPe?riodiques 606 $aRobots industriels$vPe?riodiques 606 $aProductique$vPe?riodiques 606 $aRobotique$vPe?riodiques 606 $aComputer integrated manufacturing systems$2fast$3(OCoLC)fst00872216 606 $aRobotics$2fast$3(OCoLC)fst01098997 606 $aRobots, Industrial$2fast$3(OCoLC)fst01099080 608 $aPeriodicals.$2fast 608 $aPeriodicals.$2lcgft 615 0$aRobots, Industrial 615 0$aComputer integrated manufacturing systems 615 0$aRobotics 615 0$aRobots, Industrial$xPeriodicals. 615 0$aComputer integrated manufacturing systems 615 0$aRobotics 615 6$aRobots industriels$xPe?riodiques. 615 6$aProductique$xPe?riodiques. 615 6$aRobotique$xPe?riodiques. 615 6$aRobots industriels 615 6$aProductique 615 6$aRobotique 615 7$aComputer integrated manufacturing systems. 615 7$aRobotics. 615 7$aRobots, Industrial. 801 0$bOH1 801 1$bOH1 801 2$bOCL 801 2$bOCLCQ 801 2$bUMC 801 2$bOCLCQ 801 2$bGUA 801 2$bU9S 801 2$bGUA 801 2$bOCLCQ 801 2$bOCLCO 801 2$bOCLCQ 801 2$bOCLCF 801 2$bOCLCO 801 2$bOCLCQ 801 2$bUMC 801 2$bNLE 801 2$bUKMGB 801 2$bVT2 801 2$bOCLCO 801 2$bOCLCQ 801 2$bUAB 801 2$bAUD 801 2$bOCLCQ 906 $aJOURNAL 912 $a9910145211503321 996 $aRobotics and computer-integrated manufacturing$91893972 997 $aUNINA